000 00464nam a2200169Ia 4500
003 LK-CoDNM
008 010623t1979 xxu||||| |||| 00| 1 sin d
040 _aLK-CoDNM
_dLK-CoDNM
_eLK-CoDNM
041 _asin
080 _a33.5 SHM
100 _aShatman, Max
245 _a1936 මොස්කවි අවනඬුව පිටූපස
246 _a1936 Moskaw Awanaduwa Pitupasa
260 _bKamkaru Mawatha
_c1979
300 _bp.209, 18 cm
942 _cBK
999 _c110702
_d110702